[Event "Schachfestival 2014 - Open"]
[Site "Bad Wörishofen"]
[Date "2014.03.22"]
[Round "2.1"]
[White "Kveinys, Aloyzas"]
[Black "Kozlov, Alexander"]
[Result "1-0"]
[WhiteElo "2530"]
[BlackElo "2166"]
[Annotator "chessorg"]
[PlyCount "97"]
[EventDate "2014.??.??"]
[BlackTeam "-"]

1. d4 d6 2. g3 Nf6 3. Bg2 g6 4. Nf3 Bg7 5. O-O c6 6. c4 Bf5 7. Nbd2 O-O 8. Re1
d5 9. b3 Ne4 10. Bb2 a5 11. Nh4 Nxd2 12. Nxf5 Nxc4 13. bxc4 gxf5 14. Qb3 Ra6
15. Bc3 e6 16. Qxb7 Qd7 17. Rab1 Ra7 18. Qb6 Rc8 19. Rec1 Ra6 20. Qb3 Ra8 21.
e3 Qd8 22. Qa4 Qc7 23. Bf1 Nd7 24. cxd5 Nb6 25. Qxc6 Qxc6 26. dxc6 Rxc6 27. Bg2
Nd5 28. Bxd5 exd5 29. Bd2 Rxc1+ 30. Rxc1 Bf8 31. a4 Bb4 32. Rc2 Kg7 33. Kg2
Bxd2 34. Rxd2 Rb8 35. Kf3 Rb4 36. Ra2 Kf6 37. Kf4 Rc4 38. f3 Rb4 39. h4 h6 40.
Rc2 Rxa4 41. Rc6+ Kg7 42. Rc5 Ra1 43. Rxd5 a4 44. Rxf5 a3 45. Ra5 Ra2 46. h5
Kf6 47. Ra6+ Ke7 48. g4 Kd7 49. e4 1-0

[Event "Schachfestival 2014 - Open"]
[Site "Bad Wörishofen"]
[Date "2014.03.22"]
[Round "2.3"]
[White "Teske, Henrik"]
[Black "Kugelmann, Werner"]
[Result "1-0"]
[WhiteElo "2519"]
[BlackElo "2162"]
[Annotator "chessorg"]
[PlyCount "81"]
[EventDate "2014.??.??"]
[WhiteTeam "SV Glueck auf Ruedersdorf e.V."]
[BlackTeam "TSV Wertingen 1862 SAbt"]

1. e4 e6 2. d4 d5 3. Nc3 Nf6 4. e5 Nfd7 5. Nce2 c5 6. c3 Nc6 7. f4 Qb6 8. Nf3
Be7 9. g3 cxd4 10. cxd4 O-O 11. Bh3 Kh8 12. O-O f6 13. Kh1 Ndb8 14. Be3 Na6 15.
Qd2 Qd8 16. Rf2 Bd7 17. Raf1 f5 18. g4 g6 19. gxf5 exf5 20. Rg1 Na5 21. b3 Rc8
22. Bf1 Qc7 23. h4 Bb4 24. Qd3 Be7 25. Bd2 Nc6 26. Nc3 Nab4 27. Qb1 Be6 28. Rh2
Kg7 29. h5 Rh8 30. a3 Na6 31. b4 Nab8 32. Bd3 Qd7 33. Qe1 Rcg8 34. Rg3 Kf8 35.
Rgh3 gxh5 36. Rxh5 Rg7 37. Ne2 Nd8 38. Ng3 Rf7 39. b5 b6 40. a4 Qc8 41. Qb1 1-0

[Event "Schachfestival 2014 - Open"]
[Site "Bad Wörishofen"]
[Date "2014.03.22"]
[Round "2.4"]
[White "Gerstner, Bernhard"]
[Black "Nikolov, Momchil"]
[Result "0-1"]
[WhiteElo "2160"]
[BlackElo "2515"]
[Annotator "chessorg"]
[PlyCount "76"]
[EventDate "2014.??.??"]
[WhiteTeam "MSA Zugzwang 82 e.V."]

1. Nf3 Nf6 2. c4 c5 3. Nc3 d5 4. d4 e6 5. cxd5 Nxd5 6. e4 Nxc3 7. bxc3 cxd4 8.
cxd4 Bb4+ 9. Bd2 Bxd2+ 10. Qxd2 O-O 11. Bc4 b6 12. O-O Bb7 13. Rfe1 Nd7 14. a4
Rc8 15. Bd3 a6 16. Qe2 Nb8 17. Qb2 Rc6 18. e5 Nd7 19. Qe2 Rc3 20. Bxa6 Bxf3 21.
gxf3 Nb8 22. Qd2 Rxf3 23. Bb7 Rf5 24. Be4 Rh5 25. Qe3 Qh4 26. h3 f6 27. exf6
Rxf6 28. Rac1 Nd7 29. Rc8+ Nf8 30. Bg2 Rg5 31. Kh2 Rxf2 32. Rg1 Rf6 33. Rf1
Rxf1 34. Bxf1 Qh6 35. Qe4 Qf6 36. Bg2 Rf5 37. Rb8 Rf4 38. Qa8 Rxd4 0-1

[Event "Schachfestival 2014 - Open"]
[Site "Bad Wörishofen"]
[Date "2014.03.22"]
[Round "2.5"]
[White "Pap, Misa"]
[Black "Voss, Gunther"]
[Result "1-0"]
[WhiteElo "2495"]
[BlackElo "2160"]
[Annotator "chessorg"]
[PlyCount "63"]
[EventDate "2014.??.??"]
[WhiteTeam "Sfr. Korbach"]
[BlackTeam "SV MÃ¼lheim Nord 1931 e.V."]

1. e4 c5 2. Nf3 d6 3. d4 cxd4 4. Nxd4 Nf6 5. Nc3 a6 6. Bc4 e6 7. a3 Be7 8. O-O
O-O 9. Ba2 b5 10. f4 Bb7 11. f5 e5 12. Nde2 Nbd7 13. Ng3 Rc8 14. Qf3 a5 15. b4
axb4 16. axb4 Rxc3 17. Qxc3 Nxe4 18. Nxe4 Bxe4 19. Be3 Nf6 20. Bb3 Ng4 21. h3
Nxe3 22. Qxe3 d5 23. Rad1 Bxb4 24. Kh1 Qd6 25. f6 gxf6 26. Qh6 Qd7 27. Rxf6 Be7
28. Rf2 Rc8 29. Qh5 f5 30. Re2 Bf6 31. Rxe4 fxe4 32. Rxd5 1-0

[Event "Schachfestival 2014 - Open"]
[Site "Bad Wörishofen"]
[Date "2014.03.22"]
[Round "2.7"]
[White "Karpatchev, Alexandr"]
[Black "Partenheimer, Axel"]
[Result "1-0"]
[WhiteElo "2464"]
[BlackElo "2126"]
[Annotator "chessorg"]
[PlyCount "41"]
[EventDate "2014.??.??"]
[BlackTeam "Duesseldorfer Schachklub 14/25 e."]

1. e4 c5 2. c3 d5 3. exd5 Qxd5 4. Nf3 Nf6 5. Na3 e6 6. d4 Qd8 7. Nc4 Nc6 8. Be3
Nd5 9. Bd3 Be7 10. Qc2 cxd4 11. Nxd4 Nxd4 12. Bxd4 Nb4 13. cxb4 Qxd4 14. O-O-O
Qf4+ 15. Kb1 Bd7 16. Be4 Qc7 17. a3 Rc8 18. Rc1 b6 19. Qd3 f5 20. Bxf5 exf5 21.
Rhe1 1-0

[Event "Schachfestival 2014 - Open"]
[Site "Bad Wörishofen"]
[Date "2014.03.22"]
[Round "2.10"]
[White "Baeuml, Ulrich"]
[Black "Yagupov, Igor"]
[Result "0-1"]
[WhiteElo "2123"]
[BlackElo "2393"]
[Annotator "chessorg"]
[PlyCount "60"]
[EventDate "2014.??.??"]
[WhiteTeam "SC Dillingen"]

1. c4 c6 2. g3 d5 3. Qc2 e5 4. Bg2 Nf6 5. d3 d4 6. Nd2 a5 7. Ngf3 Nbd7 8. O-O
h6 9. e3 c5 10. exd4 exd4 11. Nh4 g6 12. Re1+ Be7 13. Ndf3 Kf8 14. Bd2 Kg7 15.
Re2 Bd6 16. Rae1 a4 17. Qc1 Qc7 18. Bh3 Ne5 19. Nxe5 Bxh3 20. Bf4 Rae8 21. f3
h5 22. b3 axb3 23. axb3 Re6 24. Nxf7 Bxf4 25. Rxe6 Bxc1 26. Re7 Qxe7 27. Rxe7
Re8 28. Rxb7 Nd7 29. Nd6 Be3+ 30. Kh1 Ra8 0-1

[Event "Schachfestival 2014 - Open"]
[Site "Bad Wörishofen"]
[Date "2014.03.22"]
[Round "2.11"]
[White "Abdumalik, Zhansaya"]
[Black "Ballon, Günther"]
[Result "1-0"]
[WhiteElo "2379"]
[BlackElo "2116"]
[Annotator "chessorg"]
[PlyCount "61"]
[EventDate "2014.??.??"]

1. e4 c5 2. Nf3 e6 3. d4 cxd4 4. Nxd4 Nf6 5. Nc3 Nc6 6. Ndb5 Bb4 7. a3 Bxc3+ 8.
Nxc3 d5 9. exd5 exd5 10. Bd3 O-O 11. O-O Bg4 12. f3 Be6 13. Bg5 h6 14. Bh4 g5
15. Bf2 Rc8 16. f4 d4 17. fxg5 hxg5 18. Ne4 Ng4 19. h3 f5 20. hxg4 fxe4 21.
Bxe4 Rf4 22. Bf3 Qd7 23. Bg3 Rf7 24. Qe2 Re8 25. Rae1 a6 26. Qd2 Rg7 27. Be5
Nxe5 28. Rxe5 Qd8 29. Rd1 Qf6 30. Qxd4 Rd7 31. Rxe6 1-0

[Event "Schachfestival 2014 - Open"]
[Site "Bad Wörishofen"]
[Date "2014.03.22"]
[Round "2.12"]
[White "Tolhuizen, Ludo"]
[Black "Pirrot, Dieter"]
[Result "0-1"]
[WhiteElo "2120"]
[BlackElo "2379"]
[Annotator "chessorg"]
[PlyCount "52"]
[EventDate "2014.??.??"]
[BlackTeam "SV 1920 Hofheim"]

1. d4 d5 2. Nf3 Nc6 3. Bf4 Bg4 4. e3 e6 5. c4 Bb4+ 6. Nc3 Nge7 7. Rc1 O-O 8. h3
Bxf3 9. Qxf3 e5 10. Bxe5 Nxe5 11. dxe5 d4 12. exd4 Qxd4 13. Be2 Qxe5 14. O-O
Nc6 15. Bd3 Bxc3 16. Rxc3 Rad8 17. Qe4 Qh5 18. Re1 g6 19. c5 Rd5 20. g4 Qg5 21.
h4 Qd8 22. Re3 Rd4 23. Qg2 Qxh4 24. f3 Rfd8 25. Qf2 Qg5 26. Qe2 h5 0-1

[Event "Schachfestival 2014 - Open"]
[Site "Bad Wörishofen"]
[Date "2014.03.22"]
[Round "2.14"]
[White "Weisenburger, Horst"]
[Black "Wichmann, Cliff"]
[Result "1/2-1/2"]
[WhiteElo "2116"]
[BlackElo "2368"]
[Annotator "chessorg"]
[PlyCount "35"]
[EventDate "2014.??.??"]
[WhiteTeam "SC BÃ¶blingen"]
[BlackTeam "ESV Nickelhuette Aue"]

1. f4 d5 2. Nf3 g6 3. g3 Bg7 4. Bg2 Nf6 5. O-O O-O 6. d3 Nc6 7. c3 Qd6 8. Nbd2
Ng4 9. Nb3 e5 10. h3 Nf6 11. fxe5 Nxe5 12. Nxe5 Qxe5 13. Bf4 Qe7 14. Qd2 c6 15.
Bg5 Qe5 16. Bf4 Qe7 17. Bg5 Qe5 18. Bf4 1/2-1/2

[Event "Schachfestival 2014 - Open"]
[Site "Bad Wörishofen"]
[Date "2014.03.22"]
[Round "2.15"]
[White "Ivanov, Mikhail M"]
[Black "Astengo, Corrado"]
[Result "1-0"]
[WhiteElo "2367"]
[BlackElo "2105"]
[Annotator "chessorg"]
[PlyCount "41"]
[EventDate "2014.??.??"]
[BlackTeam "Castelfidardo"]

1. c4 e6 2. g3 d5 3. Bg2 Nf6 4. Qc2 c5 5. Nf3 Nc6 6. O-O Be7 7. cxd5 exd5 8. b3
Be6 9. d4 cxd4 10. Bb2 Qb6 11. Nbd2 Nb4 12. Qb1 d3 13. exd3 Bf5 14. Ne5 O-O 15.
Ndf3 Rac8 16. Nd4 Bd7 17. a3 Bc5 18. Nxd7 Nxd7 19. Nf3 Bxf2+ 20. Rxf2 Rc2 21.
Bd4 1-0

[Event "Schachfestival 2014 - Open"]
[Site "Bad Wörishofen"]
[Date "2014.03.22"]
[Round "2.16"]
[White "Lochte, Thomas"]
[Black "Estremera, Sergio"]
[Result "0-1"]
[WhiteElo "2106"]
[BlackElo "2353"]
[Annotator "chessorg"]
[PlyCount "44"]
[EventDate "2014.??.??"]

1. e4 c5 2. d4 cxd4 3. c3 d5 4. exd5 Qxd5 5. cxd4 Nc6 6. Nf3 Bg4 7. Nc3 Bxf3 8.
gxf3 Qxd4 9. Qxd4 Nxd4 10. Nb5 Nc2+ 11. Kd1 Rc8 12. Nxa7 Rc5 13. b4 Nxb4 14.
Bb5+ Kd8 15. Be3 e6 16. Ba4 Nd5 17. Bxc5 Bxc5 18. Nb5 Ngf6 19. Rc1 b6 20. Nc3
Ke7 21. Ne4 Ba3 22. Rc4 b5 0-1

[Event "Schachfestival 2014 - Open"]
[Site "Bad Wörishofen"]
[Date "2014.03.22"]
[Round "2.17"]
[White "Singer, Christoph"]
[Black "Stümer, Paul"]
[Result "1-0"]
[WhiteElo "2344"]
[BlackElo "2091"]
[Annotator "chessorg"]
[PlyCount "61"]
[EventDate "2014.??.??"]
[WhiteTeam "FC Bayern Muenchen e.V."]
[BlackTeam "Schachverein Bergneustadt/Dersch"]

1. e4 c5 2. Nf3 Nc6 3. Bb5 Na5 4. c3 a6 5. Be2 Nf6 6. e5 Nd5 7. d4 cxd4 8. O-O
e6 9. c4 Ne7 10. b4 Nac6 11. b5 axb5 12. cxb5 Nb4 13. Nxd4 Ng6 14. Nc3 Qc7 15.
Bb2 Qxe5 16. Nf3 Qd6 17. Qb3 Nf4 18. Rfd1 Nxe2+ 19. Nxe2 Qc5 20. Nc3 Qf5 21.
Nd4 Qg6 22. a3 Nd3 23. Nd5 Nc5 24. Qe3 Bd6 25. Nb6 Rb8 26. Nf3 Ne4 27. Rxd6
Nxd6 28. Qc5 Qd3 29. Qc7 Qxb5 30. Bxg7 Qc6 31. Qxc6 1-0

[Event "Schachfestival 2014 - Open"]
[Site "Bad Wörishofen"]
[Date "2014.03.22"]
[Round "2.18"]
[White "Römhild, Marcus"]
[Black "Dittmar, Peter"]
[Result "1/2-1/2"]
[WhiteElo "2084"]
[BlackElo "2303"]
[Annotator "chessorg"]
[PlyCount "86"]
[EventDate "2014.??.??"]
[WhiteTeam "LSV Turm Lippstadt"]
[BlackTeam "SC Oberwinden 1957 e.V."]

1. e4 c6 2. d4 d5 3. f3 e6 4. Nc3 Bb4 5. Bd2 Ne7 6. a3 Bxc3 7. Bxc3 b6 8. Nh3
Ba6 9. Bxa6 Nxa6 10. Qd3 Nc7 11. O-O O-O 12. Rad1 Qd7 13. Bb4 a5 14. Bxe7 Qxe7
15. c4 Rfc8 16. Rc1 Qd7 17. Rfd1 a4 18. Nf4 g6 19. h4 Qe7 20. g3 dxe4 21. Qxe4
Ne8 22. Qe5 Ra5 23. d5 cxd5 24. cxd5 Rac5 25. Rxc5 Qxc5+ 26. Kf1 Nc7 27. h5
Nxd5 28. Nxd5 exd5 29. hxg6 hxg6 30. Qxd5 Qe3 31. Qe4 Qb3 32. Rd2 Qb5+ 33. Qe2
Qf5 34. Kg2 Kg7 35. Qe4 Qb5 36. Qd4+ Kg8 37. Qf6 Re8 38. g4 Re2+ 39. Rxe2 Qxe2+
40. Kg3 Qe1+ 41. Kg2 Qd2+ 42. Kg3 b5 43. Qe5 Qd3 1/2-1/2

[Event "Schachfestival 2014 - Open"]
[Site "Bad Wörishofen"]
[Date "2014.03.22"]
[Round "2.22"]
[White "Klamp, Christoph"]
[Black "Bodrozic, Tomislav"]
[Result "1/2-1/2"]
[WhiteElo "2064"]
[BlackElo "2259"]
[Annotator "chessorg"]
[PlyCount "42"]
[EventDate "2014.??.??"]
[WhiteTeam "SV Schachforum Darmstadt 1994"]
[BlackTeam "SF Birkenfeld"]

1. Nf3 c5 2. c4 Nc6 3. d4 cxd4 4. Nxd4 Nf6 5. Nc3 g6 6. e4 d6 7. Nc2 Bg7 8. Be2
O-O 9. Bd2 b6 10. O-O Bb7 11. f3 Nd7 12. Qe1 Nd4 13. Nxd4 Bxd4+ 14. Kh1 Nc5 15.
Rd1 Ne6 16. Bh6 Re8 17. f4 Bg7 18. Bxg7 Nxg7 19. f5 Qc8 20. Qg3 Qc5 21. f6 exf6
1/2-1/2

[Event "Schachfestival 2014 - Open"]
[Site "Bad Wörishofen"]
[Date "2014.03.22"]
[Round "2.24"]
[White "Rahls, Peter"]
[Black "Höller, Armin"]
[Result "1-0"]
[WhiteElo "2238"]
[BlackElo "2063"]
[Annotator "chessorg"]
[PlyCount "47"]
[EventDate "2014.??.??"]
[WhiteTeam "SK Zehlendorf e.V."]
[BlackTeam "SK Bad Aibling"]

1. e4 e5 2. Nc3 Nc6 3. g3 Bc5 4. Bg2 d6 5. Nge2 Bg4 6. h3 Be6 7. d3 Nge7 8. Nd5
O-O 9. c3 f5 10. O-O Qd7 11. d4 exd4 12. cxd4 Bb4 13. a3 Ba5 14. b4 fxe4 15.
Nxe7+ Nxe7 16. bxa5 Bxh3 17. Bxh3 Qxh3 18. Nf4 Qd7 19. d5 Rf5 20. Re1 Raf8 21.
Qg4 Qa4 22. Be3 Nxd5 23. Nxd5 h5 24. Ne7+ 1-0

[Event "Schachfestival 2014 - Open"]
[Site "Bad Wörishofen"]
[Date "2014.03.22"]
[Round "2.30"]
[White "Mihajlov, Sebastian"]
[Black "Guggenberger, Guido"]
[Result "1/2-1/2"]
[WhiteElo "2207"]
[BlackElo "2047"]
[Annotator "chessorg"]
[PlyCount "53"]
[EventDate "2014.??.??"]
[WhiteTeam "OSS(Oslo)"]
[BlackTeam "SC Tarrasch 45 Muenchen"]

1. d4 d5 2. Nf3 c6 3. c4 e6 4. Nc3 dxc4 5. g3 b5 6. Bg2 Nf6 7. O-O Bb7 8. Ne5
Nd5 9. a4 Nxc3 10. bxc3 Qc7 11. Rb1 a6 12. e4 Nd7 13. f4 Be7 14. Qh5 O-O 15. g4
Nxe5 16. fxe5 f6 17. exf6 Bxf6 18. e5 g6 19. Qh3 Bg7 20. Ba3 Rxf1+ 21. Rxf1 Bf8
22. g5 Bxa3 23. Qxe6+ Kg7 24. Qf6+ Kg8 25. Qe6+ Kg7 26. Qf6+ Kg8 27. Qe6+
1/2-1/2

[Event "Schachfestival 2014 - Open"]
[Site "Bad Wörishofen"]
[Date "2014.03.22"]
[Round "2.34"]
[White "Grawe, Christian"]
[Black "Mack, Thomas"]
[Result "1-0"]
[WhiteElo "2189"]
[BlackElo "2042"]
[Annotator "chessorg"]
[PlyCount "49"]
[EventDate "2014.??.??"]
[WhiteTeam "SK Germering"]
[BlackTeam "Tarrasch-München"]

1. e4 e5 2. Nf3 d6 3. d4 exd4 4. Nxd4 Nf6 5. Nc3 Be7 6. Bf4 O-O 7. Qd2 a6 8.
O-O-O b5 9. f3 c5 10. Nf5 Bxf5 11. exf5 Nc6 12. Kb1 Nd4 13. g4 b4 14. Ne4 d5
15. Nxf6+ Bxf6 16. Bg2 h6 17. h4 Bxh4 18. Bxh6 gxh6 19. Qxh6 Qg5 20. Rxh4 Qxh6
21. Rxh6 f6 22. f4 Rad8 23. Rdh1 Rd7 24. Rh8+ Kf7 25. R1h7+ 1-0

[Event "Schachfestival 2014 - Open"]
[Site "Bad Wörishofen"]
[Date "2014.03.22"]
[Round "2.40"]
[White "Gorse, Gerald"]
[Black "Epishin, Vladimir"]
[Result "0-1"]
[WhiteElo "2036"]
[BlackElo "2545"]
[Annotator "chessorg"]
[PlyCount "60"]
[EventDate "2014.??.??"]
[WhiteTeam "SC Freiburg-ZÃ¤hringen"]

1. c4 g6 2. g3 Bg7 3. Bg2 e5 4. Nc3 d6 5. e3 h5 6. d4 h4 7. dxe5 Bxe5 8. Nf3 h3
9. Bf1 Bxc3+ 10. bxc3 Nf6 11. c5 dxc5 12. Qxd8+ Kxd8 13. Ng5 Ke7 14. Bc4 Be6
15. Nxe6 fxe6 16. e4 Nc6 17. f4 Rad8 18. O-O Na5 19. Bb5 Nxe4 20. Re1 Nxc3 21.
Bf1 Nd5 22. Bb2 Nf6 23. Re5 Rd5 24. Rae1 Rxe5 25. Rxe5 b6 26. Rg5 Kf7 27. Bd3
Rg8 28. Be5 Nc6 29. Bxc7 Nd4 30. Kf2 c4 0-1

[Event "Schachfestival 2014 - Open"]
[Site "Bad Wörishofen"]
[Date "2014.03.22"]
[Round "2.41"]
[White "Maier, Marius"]
[Black "Semenova, Irina"]
[Result "1-0"]
[WhiteElo "1949"]
[BlackElo "2243"]
[Annotator "chessorg"]
[PlyCount "61"]
[EventDate "2014.??.??"]
[WhiteTeam "SC Dielheim"]

1. d4 Nf6 2. c4 g6 3. Nc3 Bg7 4. e4 d6 5. Nf3 O-O 6. h3 Qe8 7. Be3 Na6 8. g4 e5
9. d5 Nc5 10. Nd2 a5 11. Be2 c6 12. g5 Nfd7 13. h4 f6 14. Qc2 Rf7 15. O-O-O a4
16. h5 fxg5 17. hxg6 hxg6 18. Nf3 Nf6 19. Nxg5 Rc7 20. Bxc5 dxc5 21. d6 Rd7 22.
Nxa4 Rd8 23. Nxc5 Rxa2 24. Kb1 Ra8 25. Qb3 Qf8 26. Nce6 Bxe6 27. Nxe6 Qf7 28.
Ng5 Qd7 29. c5+ Kf8 30. Bg4 Nxg4 31. Nh7+ 1-0

[Event "Schachfestival 2014 - Open"]
[Site "Bad Wörishofen"]
[Date "2014.03.22"]
[Round "2.45"]
[White "Sauerwein, Martin"]
[Black "Riedl, Günter"]
[Result "0-1"]
[WhiteElo "1599"]
[BlackElo "1925"]
[Annotator "chessorg"]
[PlyCount "46"]
[EventDate "2014.??.??"]
[BlackTeam "SK Marktoberdorf"]

1. d4 d5 2. g3 e6 3. Bg2 Nf6 4. Nf3 Be7 5. O-O Nbd7 6. b3 O-O 7. Bb2 Rb8 8.
Nbd2 b6 9. c4 c5 10. dxc5 Bxc5 11. Ne5 Bb7 12. Nxd7 Nxd7 13. cxd5 exd5 14. e3
Nf6 15. Nf3 Ba6 16. Re1 Bb4 17. Nd2 Ne4 18. Bc1 Rc8 19. Bf1 Bxf1 20. Rxf1 Rxc1
21. Rxc1 Nxd2 22. Re1 Ne4 23. Re2 Nc3 0-1

[Event "Schachfestival 2014 - Open"]
[Site "Bad Wörishofen"]
[Date "2014.03.22"]
[Round "2.55"]
[White "Lupor, André"]
[Black "Herold, Gunther"]
[Result "1-0"]
[WhiteElo "2297"]
[BlackElo "1897"]
[Annotator "chessorg"]
[PlyCount "53"]
[EventDate "2014.??.??"]
[WhiteTeam "Schachgemeinschaft Ennepe-Ruhr-S"]
[BlackTeam "SC ObergÃ¼nzburg"]

1. d4 Nf6 2. c4 e5 3. dxe5 Ng4 4. Bf4 Bb4+ 5. Nd2 Nc6 6. Ngf3 Qe7 7. e3 Ngxe5
8. Nxe5 Nxe5 9. Be2 Bd6 10. O-O Ng6 11. Bxd6 Qxd6 12. Qc2 Qe7 13. Ne4 d6 14.
Nc3 c6 15. Rad1 O-O 16. Rd4 Be6 17. Rfd1 Nh4 18. Rxd6 Qg5 19. g3 Nf5 20. R6d2
h5 21. e4 Ne7 22. f4 Qc5+ 23. Kg2 h4 24. Rd4 hxg3 25. hxg3 Ng6 26. Qd2 Qa5 27.
Nd5 1-0

[Event "Schachfestival 2014 - Open"]
[Site "Bad Wörishofen"]
[Date "2014.03.22"]
[Round "2.57"]
[White "Plug, Arjan"]
[Black "Eichner, Manfred"]
[Result "1/2-1/2"]
[WhiteElo "1879"]
[BlackElo "2029"]
[Annotator "chessorg"]
[PlyCount "70"]
[EventDate "2014.??.??"]
[WhiteTeam "Daniel Noteboom"]
[BlackTeam "SK 1908 GÃ¶ggingen"]

1. d4 d5 2. Bg5 c6 3. Nf3 Qb6 4. b3 Bf5 5. e3 Nd7 6. Bd3 e6 7. O-O Bd6 8. Nc3
Ngf6 9. Bxf6 Nxf6 10. Bxf5 exf5 11. Na4 Qd8 12. Nc5 Qe7 13. Nd3 Ne4 14. c4 dxc4
15. bxc4 O-O 16. c5 Bc7 17. Qb3 Kh8 18. Rad1 Rad8 19. g3 Rb8 20. Nde5 f6 21.
Nc4 Rfd8 22. Nfd2 Ng5 23. Qc2 Rd5 24. h4 Ne6 25. Nf3 Qf7 26. e4 fxe4 27. Qxe4
Rbd8 28. Ne3 R5d7 29. Rfe1 Ba5 30. Re2 Nxc5 31. dxc5 Rxd1+ 32. Nxd1 Rxd1+ 33.
Kg2 Rd8 34. Qa4 Bc7 35. Qxa7 Bb8 1/2-1/2

[Event "Schachfestival 2014 - Open"]
[Site "Bad Wörishofen"]
[Date "2014.03.22"]
[Round "2.59"]
[White "Kleinhenz, Hans-Georg"]
[Black "Weichlein, Paul"]
[Result "0-1"]
[WhiteElo "1887"]
[BlackElo "2029"]
[Annotator "chessorg"]
[PlyCount "44"]
[EventDate "2014.??.??"]
[WhiteTeam "Stolberger Schachverein 1927"]

1. d4 Nf6 2. c4 e6 3. g3 d5 4. Nf3 Be7 5. Bg2 O-O 6. O-O dxc4 7. Qa4 a6 8. Qxc4
b5 9. Qc2 Bb7 10. Bf4 Nd5 11. Bd2 Nd7 12. e4 N5f6 13. Ne5 c5 14. Nxd7 Nxd7 15.
dxc5 Bxc5 16. Kh1 Rc8 17. f3 h5 18. Qd1 h4 19. Qe1 Ne5 20. gxh4 Be7 21. Bg5 Rc2
22. Rf2 Nd3 0-1

[Event "Schachfestival 2014 - Open"]
[Site "Bad Wörishofen"]
[Date "2014.03.22"]
[Round "2.60"]
[White "Kümpers, Ulrich"]
[Black "Müller, Wolfgang"]
[Result "0-1"]
[WhiteElo "2026"]
[BlackElo "1873"]
[Annotator "chessorg"]
[PlyCount "80"]
[EventDate "2014.??.??"]
[WhiteTeam "SC Tarrasch 45 Muenchen"]

1. d4 d5 2. c4 e6 3. Nc3 c6 4. Qb3 Nf6 5. Nf3 Bd6 6. Bg5 h6 7. Bh4 Nbd7 8. e3
Qc7 9. Rc1 Qd8 10. Be2 O-O 11. O-O g5 12. Bg3 Bxg3 13. hxg3 Ne8 14. e4 dxe4 15.
Nxe4 f5 16. Nc3 Ndf6 17. Rcd1 Nd6 18. Bd3 Kg7 19. Rfe1 Qc7 20. d5 exd5 21. cxd5
c5 22. Bb1 Rf7 23. Qc2 b5 24. Ne5 Re7 25. g4 b4 26. Na4 c4 27. Nc6 Rxe1+ 28.
Rxe1 Nxd5 29. Nd4 Nf4 30. gxf5 Nd3 31. Ne6+ Bxe6 32. Rxe6 Nxf5 33. Qe2 Nf4 34.
Qe5+ Qxe5 35. Rxe5 Nd4 36. Be4 Rc8 37. Nc5 c3 38. bxc3 bxc3 39. Nd3 c2 40. Nc1
Nfe2+ 0-1

[Event "Schachfestival 2014 - Open"]
[Site "Bad Wörishofen"]
[Date "2014.03.22"]
[Round "2.61"]
[White "Moors, Marc"]
[Black "Schiegg, Peter"]
[Result "0-1"]
[WhiteElo "1876"]
[BlackElo "2019"]
[Annotator "chessorg"]
[PlyCount "76"]
[EventDate "2014.??.??"]
[WhiteTeam "Brasschaat"]

1. d4 Nf6 2. Nf3 g6 3. c4 Bg7 4. e3 d6 5. Nc3 Nbd7 6. Be2 O-O 7. O-O c6 8. b4
a5 9. b5 c5 10. a4 Qc7 11. Qb3 e5 12. dxe5 dxe5 13. Bb2 Nb6 14. Rad1 e4 15. Nd2
Bf5 16. Rfe1 h5 17. h4 Ng4 18. Nf1 Be5 19. Bxg4 Bxg4 20. Rd2 Be6 21. Nd5 Bxd5
22. Bxe5 Qxe5 23. cxd5 c4 24. Qc2 Rad8 25. Rd4 f5 26. Red1 Qe7 27. d6 Qxh4 28.
Nd2 Rd7 29. Nxc4 Nxc4 30. Qxc4+ Kg7 31. Qe6 Qd8 32. Rd5 Re8 33. Qe7+ Rdxe7 34.
dxe7 Qc7 35. Rd7 Qc2 36. R1d2 Qxa4 37. Rxb7 Qb4 38. Rd8 Rxe7 0-1

[Event "Schachfestival 2014 - Open"]
[Site "Bad Wörishofen"]
[Date "2014.03.22"]
[Round "2.72"]
[White "Schellmann, Frank"]
[Black "Cocchi, Andrea"]
[Result "0-1"]
[WhiteElo "2098"]
[BlackElo "2321"]
[Annotator "chessorg"]
[PlyCount "84"]
[EventDate "2014.??.??"]
[WhiteTeam "DBSB"]
[BlackTeam "CSB"]

1. e4 c6 2. d4 d5 3. e5 c5 4. dxc5 e6 5. a3 Nc6 6. Nf3 Bxc5 7. Bd3 f6 8. b4 Be7
9. b5 Nxe5 10. Nxe5 fxe5 11. Qh5+ Kd7 12. Bb2 Bf6 13. Bxe5 Bxe5 14. Qxe5 Qf6
15. Qxf6 Nxf6 16. c4 Kd6 17. Nd2 Bd7 18. O-O Rac8 19. a4 Rc7 20. Rfd1 Ke7 21.
cxd5 exd5 22. Nf3 Kd6 23. Nd4 g6 24. h3 Re8 25. a5 Rc3 26. Rab1 Rec8 27. f4 Nh5
28. Ne2 Rxd3 29. Rxd3 Bf5 30. Rbd1 Bxd3 31. Rxd3 Re8 32. Rd2 Re3 33. Rb2 Ra3
34. a6 bxa6 35. b6 axb6 36. Rxb6+ Kc5 37. Re6 d4 38. Re5+ Kc4 39. g4 Ng3 40. f5
Nxe2+ 41. Rxe2 gxf5 42. gxf5 Rf3 0-1

[Event "Schachfestival 2014 - Open"]
[Site "Bad Wörishofen"]
[Date "2014.03.22"]
[Round "2.73"]
[White "Friedrich, Norbert"]
[Black "Engl, Heinz"]
[Result "1-0"]
[WhiteElo "2316"]
[BlackElo "2084"]
[Annotator "chessorg"]
[PlyCount "49"]
[EventDate "2014.??.??"]
[WhiteTeam "Waldshut-Tiengen"]
[BlackTeam "DBSB"]

1. e4 c5 2. Nf3 g6 3. c4 Nc6 4. d4 cxd4 5. Nxd4 Bg7 6. Be3 Nf6 7. Nc3 d6 8. Be2
O-O 9. O-O Nxd4 10. Bxd4 Bd7 11. Qd3 Bc6 12. b4 b6 13. Rad1 Rc8 14. f4 Rc7 15.
Qe3 Qa8 16. e5 dxe5 17. fxe5 Ne8 18. Nd5 Rd7 19. e6 Rxd5 20. cxd5 Bxd5 21.
exf7+ Rxf7 22. Rxf7 Kxf7 23. Bxg7 Nxg7 24. Qf4+ Ke8 25. Bb5+ 1-0

[Event "Schachfestival 2014 - Open"]
[Site "Bad Wörishofen"]
[Date "2014.03.22"]
[Round "2.74"]
[White "Zuse, Peter"]
[Black "Riegler, Dieter"]
[Result "1-0"]
[WhiteElo "2262"]
[BlackElo "2078"]
[Annotator "chessorg"]
[PlyCount "59"]
[EventDate "2014.??.??"]
[WhiteTeam "Klub KÃ¶lner Schachfreunde"]
[BlackTeam "DBSB"]

1. e4 c5 2. Nf3 d6 3. d4 cxd4 4. Nxd4 Nf6 5. Nc3 Nc6 6. Bg5 e6 7. Qd2 a6 8.
O-O-O Bd7 9. f3 b5 10. Nxc6 Bxc6 11. Ne2 Rc8 12. Nd4 Bb7 13. g4 Be7 14. h4 O-O
15. Kb1 Qc7 16. Bd3 Rfe8 17. Be3 Nd7 18. g5 Ne5 19. Qg2 Bf8 20. h5 g6 21. hxg6
fxg6 22. Qh3 Qf7 23. Bc1 Nxd3 24. cxd3 Rc7 25. Nc2 Bc8 26. f4 e5 27. f5 d5 28.
Ne3 d4 29. Ng4 Rd8 30. Nxe5 1-0

[Event "Schachfestival 2014 - Open"]
[Site "Bad Wörishofen"]
[Date "2014.03.22"]
[Round "2.75"]
[White "Heinich, Manfred"]
[Black "Cherednichenko, Elena"]
[Result "1/2-1/2"]
[WhiteElo "2040"]
[BlackElo "2174"]
[Annotator "chessorg"]
[PlyCount "36"]
[EventDate "2014.??.??"]
[WhiteTeam "DBSB"]
[BlackTeam "Sport Klub ISD Donetsk"]

1. d4 d5 2. c4 e6 3. Nf3 Nf6 4. Nc3 Be7 5. Bg5 h6 6. Bh4 O-O 7. e3 Ne4 8. Bxe7
Qxe7 9. Rc1 Nxc3 10. Rxc3 c6 11. Bd3 dxc4 12. Bxc4 Nd7 13. O-O e5 14. dxe5 Nxe5
15. Nxe5 Qxe5 16. a4 Qe4 17. Qe2 Re8 18. Re1 Be6 1/2-1/2

[Event "Schachfestival 2014 - Open"]
[Site "Bad Wörishofen"]
[Date "2014.03.22"]
[Round "2.87"]
[White "Floeren, Ernst"]
[Black "Zemlicka, Vit"]
[Result "0-1"]
[WhiteElo "1748"]
[BlackElo "1962"]
[Annotator "chessorg"]
[PlyCount "40"]
[EventDate "2014.??.??"]
[BlackTeam "Sokol-Praha-Kobylisy"]

1. e4 e5 2. Bc4 Nf6 3. d3 Nc6 4. Nf3 Be7 5. c3 O-O 6. Be3 d5 7. exd5 Nxd5 8.
O-O Bg4 9. Nbd2 Kh8 10. h3 Bh5 11. Ne4 f5 12. Nc5 Nxe3 13. fxe3 Bxc5 14. Qe1
Bxf3 15. Rxf3 e4 16. dxe4 fxe4 17. Rg3 Ne5 18. Rd1 Qe7 19. Bb5 c6 20. Ba4 Nd3
0-1